Statistiques concernant Pokémon - Attaques de type Fée

Cliquez ici pour prendre le quiz!

Statistiques générales

  • Ce quiz a été pris 812 fois
    (141 depuis la dernière actualisation)
  • Le résultat moyen est 11 sur 27

Statistiques - réponses

GénérationAttaque% Correct
6Pouvoir Lunaire
93%
6Câlinerie
85%
6Eclat Magique
85%
6Vampibaiser
67%
2Charme
61%
6Géo-Contrôle
60%
6Regard Touchant
58%
6Vent Féerique
54%
6Voix Enjôleuse
52%
2Rayon Lune
48%
7Canon Floral
47%
6Champ Brumeux
46%
2Doux Baiser
44%
7Ire de la Nature
42%
6Verrou Enchanté
35%
8Choc Emotionnel
34%
8Nappage
28%
6Brume Capiteuse
27%
7Lumière du Néant
27%
6Vigilance
26%
8Explo-Brume
24%
7Soin Floral
21%
8Vapeur Féerique
21%
6Garde Florale
16%
7Evo-Fabulo
15%
8Typhon Passionné
15%
9Crash Magique
14%

Distribution des résultats

Percentile par nombre de réponses

% des personnes avec chaque résultat

Votre développement - résultats

Vous n’avez pas pris ce quiz depuis la dernière actualisation